Resumen histórico de las tareas de la Sociedad Económica Matritense durante el año 1850 / (Record no. 157152)

MARC details
000 -LEADER
campo de control de longitud fija 00995nam a2200205 i 4500
001 - NÚMERO DE CONTROL
campo de control 157152
003 - IDENTIFICADOR DE NÚMERO DE CONTROL
campo de control ES-MaACL
005 - FECHA Y HORA DE LA ÚLTIMA TRANSACCIÓN
campo de control 20251220190208.0
008 - DATOS DE LONGITUD FIJA--INFORMACIÓN GENERAL
campo de control de longitud fija 000630s1851 sp |||| | spa d
080 ## - NÚMERO DE LA CLASIFICACIÓN DECIMAL UNIVERSAL
Número de la Clasificación Decimal Universal 061.235(460.27 M.).055.5
110 2# - ENTRADA PRINCIPAL--NOMBRE DE ENTIDAD CORPORATIVA
Nombre de entidad corporativa o nombre de jurisdicción como elemento de entrada Real Sociedad Económica Matritense de Amigos del País.
9 (RLIN) 6389
245 10 - MENCIÓN DEL TÍTULO
Título Resumen histórico de las tareas de la Sociedad Económica Matritense durante el año 1850 /
Mención de responsabilidad, etc. por Ildefonso Larroche y Siera .
Resto del título Discurso sobre el objeto y tendencias de las tareas de la misma sociedad / por Mateo Seoane.
260 ## - PUBLICACIÓN, DISTRIBUCIÓN, ETC.
Lugar de publicación, distribución, etc. Madrid :
Nombre del editor, distribuidor, etc. [s.n.],
Fecha de publicación, distribución, etc. 1851 (
Fabricante Imp. del Colegio de Sordo-Mudos)
300 ## - DESCRIPCIÓN FÍSICA
Extensión 27 p. ;
Dimensiones 21 cm.
610 27 - PUNTO DE ACCESO ADICIONAL DE MATERIA--NOMBRE DE ENTIDAD CORPORATIVA
Nombre de entidad corporativa o nombre de jurisdicción como elemento de entrada Real Sociedad Económica Matritense de Amigos del País-
Subdivisión de forma Memorias
Fuente del encabezamiento o término
9 (RLIN) 145026
700 1# - ENTRADA AGREGADA--NOMBRE PERSONAL
Nombre de persona Larroche y Siera, Ildefonso.
9 (RLIN) 128707
700 1# - ENTRADA AGREGADA--NOMBRE PERSONAL
Nombre de persona Seoane, Mateo,
Fechas asociadas al nombre 1791-1870
9 (RLIN) 132650
852 4# - LOCALIZACIÓN
Ubicación ES-MaACL
Número de control de estantería T-34-F-12
Nota libre - Enc. hol., falto de cub. original
-- - Enc. en un vol. facticio
Holdings
Estatus retirado Estado de pérdida Estado de daño No para préstamo Colección Biblioteca de origen Biblioteca actual Ubicación en estantería Fecha de adquisición Total de préstamos Signatura topográfica completa Código de barras Visto por última vez Precio de reemplazo Tipo de ítem Koha
        Colección de folletos Biblioteca del Ateneo de Madrid Biblioteca del Ateneo de Madrid Depósito folletos 17/01/2008   T-34-F-12 1164428 23/02/2023 23/02/2023 Folleto